| 000 | 00616nam a2200229Ia 4500 | ||
|---|---|---|---|
| 003 | 0100 | ||
| 008 | 130303s9999 xx 000 0 und d | ||
| 020 | _a520045475 | ||
| 040 | _cARRUPELIB | ||
| 050 | _aE182.8.S6S78 1981 | ||
| 100 | _aStudy Commission on U.S. Policy Toward Southern Africa | ||
| 245 | _aSouth Africa | ||
| 245 | _btime running out | ||
| 260 | _aBerkeley | ||
| 260 | _bUniversity of California Press | ||
| 260 | _C1981 | ||
| 300 | _axvii | ||
| 300 | _b 517 p. 25 cm | ||
| 650 | _bTanganyika--History | ||
| 700 | _aStudy Commission on U.S. Policy Toward Southern Africa | ||
| 942 | 0 | 0 | _03 |
| 999 |
_c13390 _d13390 |
||